Dúdase si puede un abuelo testar por un nieto que tiene padre en caso que mera dentro de edad pupilar

Detalles Bibliográficos
Otros Autores: Antón Merinero
Formato: Libro
Publicado: s.l., s.f.
Colección:Banco de datos
Acervo:Biblioteca Palafoxiana. Colección de Manuscritos
Descripción Física:2 f. ; 21 x 30 cm.
LEADER 00410nam a22001330004500
035 |a 1328 
245 1 0 |a Dúdase si puede un abuelo testar por un nieto que tiene padre en caso que mera dentro de edad pupilar 
260 |a s.l., s.f. 
300 |a 2 f. ; 21 x 30 cm. 
700 1 |a Antón Merinero 
949 |a 32280/082 
942 |c PALAMANU 
943 |g Biblioteca Palafoxiana. Colección de Manuscritos 
999 |c 1069273  |d 1069273